| 000 | 00793nam a22002777a 4500 | ||
|---|---|---|---|
| 001 | BR8305889 | ||
| 003 | BR-BrBNA | ||
| 005 | 20230928091816.0 | ||
| 007 | ta | ||
| 008 | 230509b bl.||||| |||| 00| 0 por d | ||
| 040 |
_aBR-BrBNA _bpor _cBiblioteca Nacional de Agricultura |
||
| 041 | _a(Por) | ||
| 072 |
_aE40 _b/G514 |
||
| 090 | _ E40 BR8305889 | ||
| 100 | 1 | _aSilva, N.C. da | |
| 110 | 1 | _aOrganizacao das Cooperativas do Estado de Santa Catarina, Florianopolis (Brasil) | |
| 245 | 1 | _aDados do cooperativismo catarinense: v. 2 | |
| 260 | 3 |
_aFlorianopolis, SC (Brasil): _c1983. |
|
| 300 | _a137 p. | ||
| 650 | _aCOOPERATIVA | ||
| 650 | _aAGRICULTURA | ||
| 650 | _aELETRIFICACAO RURAL | ||
| 650 | _aCOOPERATIVA DE CONSUMO | ||
| 909 |
_a202309 _bLucia _c55 _dLucia Elande |
||
| 942 | _cBK | ||
| 999 |
_c35632 _d35632 |
||